000 00682nam a2200205 a 4500
001 000042644
005 20201002040309.0
008 140203s1994 ag 000 0 spa d
020 _a9507424458
040 _aDO-SdBNP
_bspa
_cBNPHU
082 _axxx
_bxxx
100 1 _aJuvenal, Carlos
_d1943-
_969921
245 1 0 _aBuenos muchachos :
_bLa industria del secuestro en la Argentina /
_cCarlos Juvenal.
260 _aBuenos Aires :
_bPlaneta,
_c1994.
300 _a340 p. ;
_c23 cm.
490 1 _aEspejo de la Argentina
504 _aBibliografía : p. 321-323
500 _aIncluye datos biográficos del autor en la solapa de la cubierta
830 0 _aEspejo de la Argentina
_969662
999 _c42133
_d42133